Statistics for Christian artists by song title

Click here to take the quiz!

General Stats

  • This quiz has been taken 71 times
    (70 since last reset)
  • The average score is 7 of 46

Answer Stats

HintAnswer% Correct
Irene, Burn for you, City on our kneesToby Mac
71%
Jesus Freak, Supernatural, Luv is a werbDc Talk
61%
Breakfast, Enterteining angels, ShineNewsboys
54%
Rebirthing, Savior, Alien Youth, Awake and aliveSkillet
53%
Live out loud, Lord of the dance, CinderellaSteven Curtis Chapman
46%
Big house, Some kind of zombie, Leaving 99Audio adrenaline
31%
Love me good, Friends, Secret ambitionMichael W. Smith
29%
Your touch, Strong tower, RunKutless
27%
Good for me, Big yellow taxi, Simple thingsAmy Grant
25%
Meant to live, new way to be human, StarsSwitchfoot
24%
To Hell with the Devil, Soldiers under commandStryper
22%
Puppet, Rawkfist, Forward motion, AbsoluteThousand foot krutch
22%
Flood, Love song for a Savior, Something beautifulJars of clay
20%
Alive, Youth of the nations, Goodbye for nowP.O.D.
19%
This means war, Beat the system, Beyond BeliefPetra
17%
Lean on me, Stomp, Looking for youKirk Franklin
15%
Never alone, I need you to love me, Let goBarlowGirl
12%
With arms wide open, One, HigherCreed
10%
Fireproof, Invisible, Secrets and regretsPillar
10%
Testify to love, Oxygen, Everything to meAvalon
8%
Psychedelic Super Jesus, Dust in the fun, WormBride
8%
Not rock stars, Wait is over, Into blackDisciple
8%
Existence, Return of the singer, 21st Century darlingsKevin Max
8%
Last flight out, God is in this place, Written on my heartPlus one
8%
Stuck, More to life, I'm not missing youStacie Orrico
8%
Vanishing lessons, Ark of sufferingTourniquet
8%
Paperthin Hymn, Feel good drag, ImpossibleAnberlin
7%
Inside outside, History maker, Every little thingDelirious?
7%
Long live the king, Awakening, Back from HellNarnia
7%
Lion, Reborn, Wait for meRebecca st. James
7%
My heartstrings come undone, Not ready to dieDemon hunter
5%
Love, peace and happiness, Different nowOut of Eden
5%
Shaken, Savior song, KaleidoscopeRachael Lampa
5%
Inside, Fly eagle fly, Jerusalem, Independence dayWhiteheart
5%
We are the men, The Fury, ProgressA.D.
3%
Mad dog World, Out of the darknessBloodgood
3%
Make some noice, Beautiful tonight, S.O.SKrystal Meyers
3%
Northern storm, Scrolls of the MegillothMortification
3%
Goodbye cruel World, In the KingdomWhitecross
3%
Worlds collide, Broken, The way I feel12 Stones
2%
Pitiful, All of us, Cute boring loveBlindside
2%
Thunderleg, Motor, Amateurs built TitanicDust eater dogs
2%
The pain inside of me, See no evilHoly soldier
2%
Blacklist of no good, Point of no return, FlushJacks of all trades
2%
Hurricane, Stand in line, WarriorImpellitteri
0%
My Will be a dead man, All of me, Fall Goliath, FallProject 86
0%

Score Distribution

Percentile by Number Answered

Percent of People with Each Score

Your Score History

You have not taken this quiz since the last reset